Opatrenie MF SR, ktorým sa vykonáva bod B. ods.3 Uznesenia vlády SR zo 16.3.1993 č.171. K správe o vecnom zameraní a princípoch privatizácie v podmienkach zakladateľských rezortov.
Text opatrenia č. 43/105/1992 z 10.5.1993. Postup v účtovníctve a pri inventarizácii majetku a záväzkov pri veľkej privatizácii podnikov.
Salvato in:
| Natura: | Capitolo di libro |
|---|---|
| Lingua: | slovacco |
| Soggetti: | |
| Tags: |
Nessun Tag, puoi essere il primo ad aggiungerne!!
|
MARC
| LEADER | 00000naa a2200000 4500 | ||
|---|---|---|---|
| 001 | r013794 | ||
| 005 | 20221213123620.0 | ||
| 041 | 0 | |a slo | |
| 044 | |a SK | ||
| 245 | 1 | 0 | |a Opatrenie MF SR, ktorým sa vykonáva bod B. ods.3 Uznesenia vlády SR zo 16.3.1993 č.171. |b K správe o vecnom zameraní a princípoch privatizácie v podmienkach zakladateľských rezortov. |
| 520 | |a Text opatrenia č. 43/105/1992 z 10.5.1993. Postup v účtovníctve a pri inventarizácii majetku a záväzkov pri veľkej privatizácii podnikov. | ||
| 610 | 2 | 0 | |a privatizácia |
| 610 | 2 | 0 | |a účtovníctvo |
| 610 | 2 | 0 | |a inventarizácia |
| 610 | 2 | 0 | |a záväzky |
| 610 | 2 | 0 | |a Slovensko |
| 610 | 2 | 0 | |a predpisy právne |
| 610 | 2 | 0 | |a 1993 |
| 610 | 2 | 0 | |a MF SR Bratislava |